Investment trends (Record no. 105802)

MARC details
000 -LEADER
fixed length control field 00916cam a2200217 4500
001 - CONTROL NUMBER
control field ##L134786
008 - FIXED-LENGTH DATA ELEMENTS--GENERAL INFORMATION
fixed length control field 060831n2006 000 0 eng u
035 ## - SYSTEM CONTROL NUMBER
System control number (Sirsi) u134786
041 0# - LANGUAGE CODE
Language code of text/sound track or separate title eng
050 04 - LIBRARY OF CONGRESS CALL NUMBER
Classification number 333.33 $2 18
110 2# - MAIN ENTRY--CORPORATE NAME
Corporate name or jurisdiction name as entry element Drivers Jonas
9 (RLIN) 1941
245 00 - TITLE STATEMENT
Title Investment trends
Remainder of title UK midsummer report 2006
260 ## - PUBLICATION, DISTRIBUTION, ETC.
Place of publication, distribution, etc. London
Name of publisher, distributor, etc. Drivers Jonas
Date of publication, distribution, etc. 2006
490 #0 - SERIES STATEMENT
Series statement Drivers Jonas Investment Trends
520 ## - SUMMARY, ETC.
Summary, etc. Suggests that UK property is still fair value, and that prices are sustainable at their present levels. Offices have replaced retail as the preferred sector, with central London offices providing the strongest returns. Tables and graphs.
590 ## - LOCAL NOTE (RLIN)
Local note IKA050906
651 #4 - SUBJECT ADDED ENTRY--GEOGRAPHIC NAME
Geographic name United Kingdom
Chronological subdivision
690 ## - LOCAL SUBJECT ADDED ENTRY--TOPICAL TERM (OCLC, RLIN)
Topical term or geographic name as entry element PROPERTY-PROPERTY FINANCE AND INVESTMENT
856 40 - ELECTRONIC LOCATION AND ACCESS
Uniform Resource Identifier <a href="https://www.driversjonas.com">https://www.driversjonas.com</a>
Public note View the item free of charge (registration necessary) at www.driversjonas.com...
942 ## - ADDED ENTRY ELEMENTS (KOHA)
Suppress in OPAC 0
Holdings
Withdrawn status Lost status Source of classification or shelving scheme Damaged status Not for loan Home library Current library Shelving location Date acquired Total Checkouts Full call number Barcode Date last seen Copy number Price effective from Koha item type
    Dewey Decimal Classification     Virtual Virtual Online 31/08/2006   ONLINE PUBLICATION 134786-1001 06/08/2019 1 06/08/2019 Book